000 00389nam a22001457a 4500
005 20150302154852.0
008 150302b xxu||||| |||| 00| 0 eng d
040 _cPK-LaUMT
082 _aKHC 954.915
_bMIR-S
100 _aMir Khuda Bakhsh
245 _aSearchlights on Baloches and Balochistan
_cMir Khuda Bakhsh
260 _aKarachi
_bRoyal Book
_c1974
300 _a383 p.
942 _cBK
999 _c66758
_d66758